00463nam a2200217Ia 450000500170000000800460001702000180006303700070008104000080008804000080009604000080010404100080011204100080012008400160012808400080014424500350015226000140018726000260020126000090022730000090023620260401122413.0008 250103s9999 xx 000 0 eng d a9780300048681 aTB aEDL beng cEDL 2eng aeng a891.744 TER qEDL 0aHandbook of Russian Literature aNew Haven bYale University Press c1985 a558p